Vrai/Faux : Homonymes de départements français 4 - Statistiques

Statistiques générales
  • Ce quiz a été pris 7 fois
  • Le résultat moyen est 22 sur 50
Statistiques - réponses
Hint Explanation Réponse % Correct
Aude Joseph est un dramaturge VRAI
80%
Cantal est un massif montagneux VRAI
80%
Doubs est un affluent de la Saône VRAI
80%
Ain est un affluent du Rhône VRAI
80%
Cantal est un fromage VRAI
80%
Ardèche est un affluent du Rhône VRAI
80%
Gers est le département numéroté 32 VRAI
80%
Ariège est le département numéroté 09 VRAI
80%
Ain signifie source en arabe VRAI
80%
Aube est le département numéroté 10 VRAI
80%
Aisne est la charpente de la grappe de raison Aine FAUX
60%
Corrèze est le département numéroté 20 19 FAUX
60%
Hérault est un mont des îles anglo-normandes VRAI
60%
Aube est un affluent de la Seine VRAI
60%
Aisne est un village belge VRAI
60%
Dordogne est le département numéroté 24 VRAI
60%
Aube est un poème lyrique Médiéval VRAI
60%
Gironde est le nom de la 1ère locomotive construite en France VRAI
60%
Gironde est un affluent de l'Estéron VRAI
60%
Ain est une rivière des Pays-Bas Il existe l'Hain mais en Belgique FAUX
40%
Ain est une commune de Savoie Ayn FAUX
40%
Aube est une commune de la Meuse Moselle FAUX
40%
Ain est le nom d'un peuple des steppes Hun FAUX
40%
Aude est un village allemand Estonien FAUX
40%
Aveyron est le nom d'un bateau d'Alain Colas FAUX
40%
Ardennes Lucien était un artiste peintre Ardenne sans s FAUX
40%
Hérault est un genre de poissons Héros FAUX
40%
Cher est un siège Chaire FAUX
40%
Ardennes est un affluent de la Scarpe Pure invention ! FAUX
40%
Dordogne est un affluent de la Canche VRAI
40%
Corse est une race caprine VRAI
40%
Creuse est une commune de la Somme VRAI
40%
Dordogne est un jeu vidéo VRAI
40%
Aube est un prénom féminin Voir Aube Elléouet VRAI
40%
Corrèze est un affluent de la Vézère VRAI
40%
Corse est un geste au volley-ball VRAI
40%
Côte d'or est un ensemble urbain australien VRAI
40%
Calvados est un fromage AOP Pure invention ! FAUX
20%
Gers est une commune de la Manche Ger FAUX
20%
Hérault est un cheval de Napoléon III Pure invention ! FAUX
20%
Eure est une division du temps Heure FAUX
20%
Gard est le nom d'une abbaye normande Picarde FAUX
20%
Allier est un affluent du Doubs Pure invention ! FAUX
20%
Ain est un prénom chinois Pure invention ! FAUX
20%
Ardennes est un hameau de l'Eure VRAI
20%
Gard est l'autre nom du Gardon VRAI
20%
Gironde est un affluent de la Garonne La Gironde est l'estuaire formé par la Garonne et la Dordogne FAUX
0%
Eure Julien était un sculpteur français Pure invention ! FAUX
0%
Aisne est une rivière belge flamande Wallonne FAUX
0%
Finistère est un massif de Papouasie-Nouvelle-Guinée Finisterre FAUX
0%
Aucun quiz correspondant
Distribution des résultats
% des personnes avec chaque résultat
Percentile par nombre de réponses
Votre historique - résultats
Vous n’avez pas pris ce quiz